000 00750 a2200241 4500
001 55434
005 20260407155829.0
008 260407a1947 arg spa d
003 AR-UNSa-BCEJYS
040 _aAR-UNSa-BCEJYS
_bspa
_cAR-UNSa-BCEJYS
080 _a001.1
_xConceptos de la ciencia y del conocimiento
245 1 0 _aEl valor de la ciencia
250 _a2a. ed.
264 1 _aBuenos Aires :
_bEspasa-Calpe Argentina
_c1947
300 _a173 p.
_c18 cm.
505 _a1. Las ciencias matemáticas - 2. Las ciencias físicas - 3. El valor objetivo de la ciencia
041 _aspa
942 _cBK
590 _aniveau_biblio:m niveau_hierar:0
100 1 _aPoincare, Jules Henri
700 1 _aBesio, Alfredo B.
700 1 _aBanfi, José
999 _c5956
_d5956